000 00946nam a2200265Ia 4500
003 OSt
005 20221005110158.0
006 a|||||r|||| 00| 0
007 ta
008 221004b |||||||| |||| 00| 0 hin d
020 _a8126004339 (hbk)
_c625
024 _a93635
037 _b528, 19/03/2009, Vani Prakashan
_cTextual
040 _aCRL
_cCRL
_bhin
041 _2hin
_ahin
082 _aO152,3N212x, N8
100 _aयायावर, भारत, संपा.
245 0 _aरेणु रचना संचयन
246 _aReṇu rachanā sanchayana
260 _aनई दिल्ली
_bसाहित्य अकादेमी भारत
_c1998
300 _a335पृ0
_ccm.
650 _aहिन्दी साहित्य
942 _hO152,3N212x, N8
_cTEXL
_2cc
999 _c1018043
_d1018043